000 00366nam a22001577a 4500
005 20160914172505.0
008 160914b xxu||||| |||| 00| 0 eng d
020 _a978-93-85039-11-9
041 _aeng
100 _aRangwala,S.C
_93545
245 _aEngineering Materials
260 _bCharotor
_c2015
300 _a462
650 _aEngineering
_93546
942 _cBK
999 _c5237
_d5235